Sports Quiz

Random Sports or Clickable Quiz

Criteria NFL Quarterbacks Quiz Stats

 Plays Quiz Updated Jun 23, 2016

Challenge
Share
Tweet
Embed
Score 0/10 Timer 07:00
10 Plays Today
% Correct
???
100%
???
82.2%
???
64.8%
???
38.1%
???
27.1%
???
24.4%
???
23.7%
???
15.2%
???
14.5%
???
14.5%

You're not logged in!

Compare scores with friends on all Sporcle quizzes.
OR
Log In

You Might Also Like...

Show Comments

Extras

Top Quizzes Today


Score Distribution

Your Account Isn't Verified!

In order to create a playlist on Sporcle, you need to verify the email address you used during registration. Go to your Sporcle Settings to finish the process.

Report this User

Report this user for behavior that violates our Community Guidelines.

Details: